| 000 | 01429nam a22002657i 4500 | ||
|---|---|---|---|
| 999 |
_c23087 _d23087 |
||
| 003 | AR-CdUCM | ||
| 008 | 241004b20232023 pe||||| |||| 00| 0 spa d | ||
| 040 |
_aMUNICIPALIDAD PROVINCIAL DEL CUSCO _cBIBLIOTECA MUNICIPAL DEL CUSCO |
||
| 041 | _hspa | ||
| 082 |
_a551.48 / E11 _bE11 |
||
| 110 |
_aEPS SEDACUSCO S. A. _950670 |
||
| 245 | _aEl Libro del Agua / | ||
| 260 |
_aCusco : _bEPS SEDACUSCO S. A. _c2023. |
||
| 300 |
_a300 páginas. : _c25 cm. |
||
| 500 | _zBibliografía: página 300 | ||
| 505 | _aOrigen del agua -- El lago morkill y el valle del Huatanay -- Pileta Ornamental de la plaza de armas -- El arco Tica Tica -- Acueducto hidráulico virreinal de Sapantiana -- Tipón: hidráulica Inca -- Breve historia de los manantes de Kor kor -- Uso del sistema Kor Kor en la actualidad -- Galerías filtrantes de Salkantay -- Nuevo reservorio de Hatunhuaylla -- Planta de tratamiento de aguas residuales PTAP-San Jerónimo -- Sistema Vilcanota -- Laguna de Piuray -- Mecanismos de redistribución por servicios Ecosistémicos -- Importancia del agua en tiempos de la pandemia -- El reto de abastecer agua potable mediante camiones cisterna -- Vida, agua y conflictos sociales. | ||
| 650 |
_aAgua _919441 |
||
| 650 |
_aVida _9884 |
||
| 650 |
_aHidráulica _921112 |
||
| 650 |
_aTratamiento _920821 |
||
| 650 |
_aManantes _950671 |
||
| 650 |
_aSalkantay _950672 |
||
| 942 |
_2ddc _cLIBROS |
||
| 945 |
_apbj _d04-10-2024 |
||